| 000 | 00842nam a2200217Ia 4500 | ||
|---|---|---|---|
| 999 |
_c40146 _d40146 |
||
| 001 | 6752 | ||
| 003 | GE_BSU | ||
| 005 | 20191128114209.0 | ||
| 008 | 181216s1955||||g |||||||||||||| ||geo|| | ||
| 040 | _cGE_BSU | ||
| 041 | _ageo | ||
| 080 | _a821.353.1-94 გ-21 | ||
| 100 |
_aგარიყული, მარიამ. _95599 |
||
| 245 |
_aგანვლილი გზა : _bმოგონებანი / _cმარიამ გარიყული ; რედ. ი. ხოშტარია. |
||
| 264 |
_aთბილისი : _bსახელგამი, _c1955. |
||
| 300 |
_a292 გვ. : _bფოტო ; _c20 სმ. |
||
| 653 | _aგანვლილი გზა | ||
| 653 | _aმოგონებანი | ||
| 700 |
_aხოშტარია, ი. _eტრედაქტორი _94108 |
||
| 942 |
_cBK _2udc |
||